| 000 | 00595ntaaa2200205 4500 | ||
|---|---|---|---|
| 003 | 01 | ||
| 005 | 20251027201239.0 | ||
| 008 | 0714s1973 ag 01 | ||
| 040 |
_aAR-BaBN _bspa _cAR-BaBN _eaacr _dRIC |
||
| 082 | _a301.42 T97 | ||
| 100 |
_aTyler, Wilfred _910587 |
||
| 245 |
_aLittle world of home / _cWilfred Tyler, Frances Tyler |
||
| 250 |
_a1 ed. : _bBroadman Press, _cc1949 |
||
| 300 | _a120 p. | ||
| 500 | _a"Suggestions and principles for establishing and maintaining a Chrisitian home." | ||
| 650 |
_aHogar _97807 |
||
| 650 | _aFamilia | ||
| 700 |
_aTyler, Frances _910588 |
||
| 942 | _cBK | ||
| 999 |
_c6800 _d6800 |
||